Hiszpańskie słowa według obrazków #2 - Statystyki

Ogólne statystyki
  • Ten quiz został rozwiązany 1 295 razy
  • Średni wynik to 9 z 24
Odpowiedzi na mapie
Odpowiedzi zakodowano w zielono-czerwonej skali na mapie do tego quizu, zgodnie z poniższymi procentami.
 
Statystyki odpowiedzi
Odpowiedź % Poprawnych
El sol
69%
Un chile
69%
Un coco
67%
Un avión
58%
Una mariposa
45%
Una serpiente
44%
Un fantasma
41%
Una araña
40%
Una bañera
40%
Un zapato
40%
Una ventana
38%
Una vaca
37%
Una fresa
36%
Una maleta
36%
Un coche
34%
Una nariz
31%
Un destornillador
31%
Un pájaro
30%
Una regla
29%
Uvas
28%
Un cuchillo
26%
Un arcoíris
20%
Una ballena
19%
Un dado
18%
Nie znaleziono quizów pasujących do podanych kryteriów
Rozkład punktacji
Procent ludzi z każdym wynikiem
Percentyl według liczby udzielonych odpowiedzi
Twoja historia wyników
Nie rozwiązałeś tego quizu